Paroles - Tchikita - Jul - Statistiques

Statistiques générales
  • Ce quiz a été pris 1 173 fois
  • Le résultat moyen est 213 sur 319
Statistiques - réponses
Hint Réponse % Correct
x6 | x9 Tchiki-
100%
A
98%
À
98%
Elle
98%
Le
98%
Qui
98%
Regard
97%
Tchikita
97%
Tu
97%
La
96%
Comme
95%
Pas
95%
Tue
95%
Cheveux
94%
Je
94%
Me
94%
Nikita
94%
Quitte
94%
Si
94%
Longs
88%
Ne
75%
D’à
69%
Les
69%
M’a
66%
Ma
66%
Nuit
65%
Passé
65%
Dans
64%
Toute
64%
Yeux
64%
Regarde
61%
En
57%
Est
56%
Mon
56%
Ses
56%
Coté
55%
Mec
53%
Un
53%
Cocktail
52%
Mortel
51%
Pour
51%
Vois
51%
Te
50%
Filles
49%
Même
49%
Moi
49%
Que
49%
Sa
49%
Sirotant
49%
Prend
48%
Ou
46%
Del’
45%
M’y
45%
Noie
43%
Peloter
43%
Et
42%
Fait
42%
Instagram
42%
J’ai
40%
Nique
40%
Vu
40%
VIP
39%
Quand
38%
Facebook
37%
Lui
36%
Plonge
36%
Belle
35%
Ca
35%
Mais
34%
C’est
33%
Suis
33%
Des
32%
Son
32%
Fais
30%
Boule
29%
Madame
29%
Rien
29%
Veut
29%
Avec
28%
Ongles
28%
Magique
27%
Nostalgique
27%
Seul
27%
Sur
27%
T’étais
27%
Beau
25%
Girl
25%
Plus
25%
S’est
25%
Snap
25%
Très
25%
Gueule
24%
J’etais
24%
Parler
23%
Prends
23%
Besoin
22%
Bien
22%
Chercher
22%
Devant
22%
Deviens
22%
Fois
22%
Fuis
22%
Gram’s
22%
Plaques
22%
Simple
22%
Trouve
22%
Gentille
21%
L’aime
21%
Ouais
21%
T’imaginais
21%
Toi
21%
Grande
20%
D’aller
19%
Fuit
19%
Qu’on
18%
Longo
16%
S’engueule
16%
Toujours
16%
Ju-
14%
Jul
13%
M’evade
13%
Vis
13%
Smoke
12%
Fiers
10%
Came
8%
Gros
8%
Big
6%
Up
6%
Dj
4%
Babs
3%
Lambo ´
0%
Aucun quiz correspondant
Distribution des résultats
% des personnes avec chaque résultat
Percentile par nombre de réponses
Votre historique - résultats
Vous n’avez pas pris ce quiz